| 000 | 01214nam a22002415i 4500 | ||
|---|---|---|---|
| 001 | 166513 | ||
| 003 | ES-MaACL | ||
| 005 | 20260209164758.0 | ||
| 008 | 000209s1892 sp |||| | spa d | ||
| 040 |
_aCCPB | B _bspa _cCCPB | B |
||
| 100 | 1 |
_aTorres Campos, Rafael, _d1853-1904 _9110935 |
|
| 245 | 1 | 4 |
_aLos problemas del Mediterraneo _b: conferencia dada en la noche del 9 de Enero de 1892 / _cpor Rafael Torres Campos. |
| 260 |
_aMadrid : _b[s.n.], _c1892 ( _fimprenta del Cuerpo Administrativo del Ejército) |
||
| 300 |
_a47 p. ; _c22 cm. |
||
| 500 | _aDescripción bibliográfica basada en la cub. | ||
| 530 | _aDisponible también en sitio web. | ||
| 594 | _aPrecede al tít.: "Centro del Ejército y de la Armada. Conferencias. Curso de 1891-92" | ||
| 651 | 7 |
_aÁfrica Septentrional- _xHistoria _2 _9137012 |
|
| 651 | 4 |
_aEspaña- _xRelaciones- _zMarruecos. _98470 |
|
| 852 |
_aES-MaACL _jT-543-F-8 _z-- Enc. hol., conservando la cub. original _z-- An. ms.: ded. del autor al Ateneo de Madrid _z-- Enc. en un vol. facticio |
||
| 856 |
_uhttp://bibliotecadigitalhispanica.bne.es:80/webclient/DeliveryManager?pid=3169407&custom_att_2=simple_viewer _zIr a la página |
||
| 999 |
_c166513 _d166513 |
||